<?xml version="1.0" encoding="UTF-8"?>
<collection xmlns="http://www.loc.gov/MARC21/slim">
    <record>
        <controlfield tag="001">101370</controlfield>
        <controlfield tag="005">20210415110713.0</controlfield>
        <datafield tag="037" ind1=" " ind2=" ">
            <subfield code="a">TAZ-TFG-2020-4995</subfield>
        </datafield>
        <datafield tag="041" ind1=" " ind2=" ">
            <subfield code="a">spa</subfield>
        </datafield>
        <datafield tag="100" ind1="1" ind2=" ">
            <subfield code="a">Gavín Murillo, Pedro Andrés</subfield>
        </datafield>
        <datafield tag="242" ind1="0" ind2="0">
            <subfield code="a">Modeling and Simulation of Light Transport in the Atmosphere</subfield>
        </datafield>
        <datafield tag="245" ind1="0" ind2="0">
            <subfield code="a">Modelado y simulación del transporte de la luz en la atmósfera</subfield>
        </datafield>
        <datafield tag="260" ind1=" " ind2=" ">
            <subfield code="a">Zaragoza</subfield>
            <subfield code="b">Universidad de Zaragoza</subfield>
            <subfield code="c">2020</subfield>
        </datafield>
        <datafield tag="506" ind1=" " ind2=" ">
            <subfield code="a">by-nc-sa</subfield>
            <subfield code="b">Creative Commons</subfield>
            <subfield code="c">3.0</subfield>
            <subfield code="u">http://creativecommons.org/licenses/by-nc-sa/3.0/</subfield>
        </datafield>
        <datafield tag="520" ind1=" " ind2=" ">
            <subfield code="a">La apariencia de la atmósfera está definida por las interacciones entre la luz y los gases que forman parte de esta. Estas interacciones son complejas, y están determinadas por las propiedades ópticas de dichos gases. Modelar correctamente la atmósfera y su interacción con la luz es un tema muy importante en gráficos por computador, y en otros ámbitos relacionados que tratan de resolver problemas inversos, incluyendo visión por computador basada en física, remote sensing, ciencias atmósféricas, o astrofísica. El objetivo de este proyecto es desarrollar un modelo físico del transporte de la luz en el medio atmosférico terrestre para el software de simulación de transporte de luz Mitsuba 2. Este software presenta un conjunto de características que lo hacen muy adecuado para su uso en problemas inversos de transporte de luz en medios atmosféricos, incluyendo diferenciación automática para su uso en problemas de optimización, soporte hiperespectral y de polarización de la luz, o implementación eficiente, vectorizada y adaptada a hardware gráfico.&lt;br />A partir de trabajos científicos y mediciones experimentales de la atmósfera terrestre se ha desarrollado un modelo atmosférico parametrizable, en función de la posición del observador (tanto dentro como fuera de la atmósfera), de la turbicidad de la atmósfera, de la fecha y del paisaje bioclimático (bioma). El modelo desarrollado incluye fenómenos complejos de interacción luz-materia, como la absorción debida a la capa de ozono, o la dispersión en base a moléculas o aerosoles, modelados de forma rigurosa desde las Ecuaciones de Maxwell.&lt;br />Finalmente, se demuestra el modelo desarrollado mostrando las variaciones en la apariencia de la atmósfera dependiendo de los parámetros introducidos. Este proyecto es un primer paso para el desarrollo de modelos atmosféricos generales, capaces de predecir de forma precisa y sin simplificaciones arbitrarias el transporte de luz en la atmósfera para su uso en problemas inversos.&lt;br />&lt;br /></subfield>
        </datafield>
        <datafield tag="521" ind1=" " ind2=" ">
            <subfield code="a">Graduado en Ingeniería Informática</subfield>
        </datafield>
        <datafield tag="540" ind1=" " ind2=" ">
            <subfield code="a">Derechos regulados por licencia Creative Commons</subfield>
        </datafield>
        <datafield tag="700" ind1=" " ind2=" ">
            <subfield code="a">Jarabo Torrijos, Adrián</subfield>
            <subfield code="e">dir.</subfield>
        </datafield>
        <datafield tag="710" ind1="2" ind2=" ">
            <subfield code="a">Universidad de Zaragoza</subfield>
            <subfield code="b">Informática e Ingeniería de Sistemas</subfield>
            <subfield code="c">Lenguajes y Sistemas Informáticos</subfield>
        </datafield>
        <datafield tag="856" ind1="0" ind2=" ">
            <subfield code="f">716358@unizar.es</subfield>
        </datafield>
        <datafield tag="856" ind1="4" ind2=" ">
            <subfield code="s">7361330</subfield>
            <subfield code="u">http://zaguan.unizar.es/record/101370/files/TAZ-TFG-2020-4995.pdf</subfield>
            <subfield code="y">Memoria (spa)</subfield>
        </datafield>
        <datafield tag="909" ind1="C" ind2="O">
            <subfield code="o">oai:zaguan.unizar.es:101370</subfield>
            <subfield code="p">driver</subfield>
            <subfield code="p">trabajos-fin-grado</subfield>
        </datafield>
        <datafield tag="950" ind1=" " ind2=" ">
            <subfield code="a"></subfield>
        </datafield>
        <datafield tag="951" ind1=" " ind2=" ">
            <subfield code="a">deposita:2021-04-15</subfield>
        </datafield>
        <datafield tag="980" ind1=" " ind2=" ">
            <subfield code="a">TAZ</subfield>
            <subfield code="b">TFG</subfield>
            <subfield code="c">EINA</subfield>
        </datafield>
        <datafield tag="999" ind1=" " ind2=" ">
            <subfield code="a">20201120215004.CREATION_DATE</subfield>
        </datafield>
    </record>

    
</collection>